| 000 | 00657ctm a22001935a 4500 | ||
|---|---|---|---|
| 001 | L140572 | ||
| 008 | 071001s1777 xxk eng u | ||
| 035 | _a(Sirsi) u140572 | ||
| 041 | 0 | _aeng | |
| 245 | 0 | 0 |
_aLease of a new house on the east side of Stacey Street being the first house southward from New Compton Street _b[tripartite lease between Theodore Henry Broadhead, Thomas Bannister and John Lock] _h[manuscript] |
| 260 | _c1777 | ||
| 300 |
_a1 item _bparchment _c60 x 82, folded to 18 x 28 cm. |
||
| 340 | _aInk on parchment | ||
| 351 | _cSingle item | ||
| 500 | _aSigned and sealed. | ||
| 651 | 4 | _aLondon | |
| 690 | _aPROPERTY | ||
| 942 | _n0 | ||
| 999 |
_c116366 _d116366 |
||